| 000 | 02267nam a2200481Ii 4500 | ||
|---|---|---|---|
| 001 | DIGARTEP0076 | ||
| 003 | NyNyDIG | ||
| 008 | 150518s1999 txu ob 000 j eng d | ||
| 006 | m o d | ||
| 007 | cr ||||||||||| | ||
| 040 |
_aDGITA _beng _erda _epn _cDGITA |
||
| 020 | _a9781611920512 | ||
| 020 | _a1611920515 | ||
| 020 |
_z9781558852358 _q(trade paper : alk. paper) |
||
| 020 |
_z1558852352 _q(trade paper : alk. paper) |
||
| 035 | _a(OCoLC)607030844 | ||
| 043 |
_ancnq--- _an-us--- |
||
| 050 | 1 | 4 | _aPR9292.9.S45 eBook |
| 100 | 1 |
_aSelva, Salomón de la, _d1893-1959, _eauthor. |
|
| 240 | 1 | 0 |
_aShort stories. _kSelections |
| 245 | 1 | 0 |
_aTropical town and other poems / _cSalomón de la Selva ; edited, with an introduction, by Silvio Sirias. |
| 264 | 1 |
_aHouston, Texas : _bArte Público Press, _c1999. |
|
| 300 | _a1 online resource. | ||
| 336 |
_atext _btxt _2rdacontent |
||
| 337 |
_acomputer _bc _2rdamedia |
||
| 338 |
_aonline resource _bcr _2rdacarrier |
||
| 490 | 1 | _aRecovering the U.S. Hispanic literary heritage | |
| 500 | _a"Recovering the U.S. Hispanic literary heritage"--Preliminary page. | ||
| 504 | _aIncludes bibliographical references. | ||
| 520 | _aPoems by a late Nicaraguan writer. In A Prayer for the United States, he wrote: "Apocalyptic blasts are ravaging over-sea. / With lure of flag and conquest the harlot War is wooing. / The horse John saw in Patmos its dread course is pursuing. / I pray the Lord He shelter the stars that shelter me." | ||
| 588 | 0 | _aOnline resource; title from PDF title page (Digitalia, viewed May 18, 2015) | |
| 650 | 0 |
_aNicaraguans _zUnited States _vPoetry. |
|
| 651 | 0 |
_aNicaragua _vPoetry. |
|
| 655 | 0 | _aElectronic books. | |
| 700 | 1 |
_aSirias, Silvio, _eeditor. |
|
| 791 | 2 |
_aDigitalia (Firm), _edistributor. |
|
| 793 | 0 |
_gDigitalia eBook Collection: _aArte Público Press |
|
| 776 | 0 | 8 |
_iPrint version: _aSelva, Salomón de la, 1893-1959. _tTropical town and other poems. _dHouston, Tex. : Arte Público Press, 1999 _z1558852352 _w(DLC)98003282 _w(OCoLC)38496545 |
| 830 | 0 | _aRecovering the U.S. Hispanic Literary Heritage Project publication. | |
| 856 | 4 | 0 |
_3Digitalia Hispánica _uhttps://www.digitaliapublishing.com/a/23278/ |
| 910 | _aPremium Collection: 2015 | ||
| 942 | _cRAA | ||
| 999 |
_c237608 _d237608 |
||